The political economy of Siam 1910- 1932

Saved in:
Bibliographic Details
Main Author: Chatthip Nartsupha
Format: Book
Language:Undetermined
Published: Thailand The Social Science Association Of Thailand 1981
Subjects:
Tags: Add Tag
No Tags, Be the first to tag this record!
Institutions: Trung tâm Học liệu Trường Đại học Cần Thơ
LEADER 00549nam a2200193Ia 4500
001 CTU_90765
008 210402s9999 xx 000 0 und d
082 |a 330.9593 
082 |b N237 
100 |a Chatthip Nartsupha 
245 4 |a The political economy of Siam 1910- 1932 
245 0 |c Chatthip Nartsupha 
260 |a Thailand 
260 |b The Social Science Association Of Thailand 
260 |c 1981 
650 |a thailand 
650 |x economic conditions 
904 |i Mai Loan 
980 |a Trung tâm Học liệu Trường Đại học Cần Thơ